Europäische Städte nach Sehenswürdigkeiten - Statistiken

Allgemein
  • Dieses Quiz wurde 325 mal gespielt
  • Das Durchschnittsergebnis liegt bei 11 aus 16
Antwortstatistiken
Bildquiz Antwort % Korrekt
Berlin
99%
Paris
99%
Rom
97%
Moskau
95%
Athen
94%
London
94%
Brüssel
89%
Köln
89%
Barcelona
84%
Kopenhagen
82%
Budapest
60%
Wien
56%
Helsinki
36%
Genf
33%
Sofia
29%
Wolgograd
11%
Keine übereinstimmenden Quizze gefunden
Verteilung der Resultate
Anzahl Personen mit jedem Resultat
Perzentil nach korrekt beantworteten Fragen
Ihre Resultats-Entwicklung
Sie haben dieses Quiz noch nicht gespielt